Capitales des pays en I - Statistiques

Statistiques générales
  • Ce quiz a été pris 131 fois
  • Le résultat moyen est 7 sur 8
Statistiques - réponses
Pays Capitales % Correct
Italie Rome
100%
Irlande Dublin
98%
Inde New Delhi
97%
Israël Jerusalem
95%
Islande Reykjavik
93%
Indonésie Jakarta
91%
Irak Bagdad
86%
Iran Téhéran
86%
Aucun quiz correspondant
Distribution des résultats
% des personnes avec chaque résultat
Percentile par nombre de réponses
Votre historique - résultats
Vous n’avez pas pris ce quiz